| 000 | 00607nam a2200169 a 4500 | ||
|---|---|---|---|
| 001 | 000041227 | ||
| 005 | 20201002034722.0 | ||
| 008 | 130926s1986 sp ac 000 0 spa d | ||
| 020 | _a8400062116 | ||
| 040 |
_aDO-SdBNP _bspa _cBNPHU |
||
| 082 |
_axxx _bxxx |
||
| 100 | 1 |
_aSanz Donaire, Juan José _915250 |
|
| 245 | 1 | 3 |
_aEl corredor de Béjar / _cJuan José Sanz Donaire. |
| 260 |
_aMadrid : _bConsejo Superior de Investigaciones Científicas _bInstituto de Geografía Aplicada, _c1986. |
||
| 300 |
_a2 v. : _bil., mapas ; _c30 cm. |
||
| 500 | _aIncluye referencias bibliográficas y notas al pie de las páginas | ||
| 999 |
_c40717 _d40717 |
||